The Magic (Record no. 369803)

MARC details
000 -LEADER
fixed length control field 00424nam a2200169 4500
005 - DATE AND TIME OF LATEST TRANSACTION
control field 20260109110746.0
008 - FIXED-LENGTH DATA ELEMENTS--GENERAL INFORMATION
fixed length control field 260109b |||||||| |||| 00| 0 eng d
020 ## - INTERNATIONAL STANDARD BOOK NUMBER
International Standard Book Number 978-1-84983-839-9
041 ## - LANGUAGE CODE
Language code of text/sound track or separate title English
082 ## - DEWEY DECIMAL CLASSIFICATION NUMBER
Classification number X 158.1
Item number B12143
100 ## - MAIN ENTRY--PERSONAL NAME
Author Byrne, Rhonda
245 ## - TITLE STATEMENT
Title The Magic
260 ## - PUBLICATION, DISTRIBUTION, ETC.
Place of publication, distribution, etc. New Delhi
Name of publisher, distributor, etc. Simon and Schuster
Date of publication, distribution, etc. 2012
300 ## - PHYSICAL DESCRIPTION
Extent x,254p
Other physical details pb
365 ## - TRADE PRICE
Price type code Rupaye
Price amount 319
Currency code INR
942 ## - ADDED ENTRY ELEMENTS (KOHA)
Koha item type Books
Holdings
Withdrawn status Lost status Source of classification or shelving scheme Damaged status Not for loan Collection code Home library Current library Date acquired Vendor Net Price Bill number Total Checkouts Total Renewals Full call number Barcode Date last seen Date last checked out Discount Actual Price Bill Date Koha item type Original Barcode
    Dewey Decimal Classification     Non-fiction Smt. Bakul Tambat Institute of Nursing Education Smt. Bakul Tambat Institute of Nursing Education 30/12/2025 Amazon(online) 171-8857929-6045135 306.24 BOM7-4326342 4 2 X 158.1 B12143 BTIN-BK-12143 13/03/2026 11/03/2026 12.76 319.00 22/11/2025 Books BTIN-BK-12143